000 00740nam a2200241Ia 4500
003 OSt
005 20220926015007.0
006 a|||||r|||| 00| 0
007 ta
008 220923b |||||||| |||| 00| 0 eng d
037 _cGeneral Book
040 _aRTL
_cRTL
_beng
041 _2eng
_aeng
082 _aX:77.73.N7, K0
111 _aNational Industrial Conference Board (New York)
_9321428
245 0 _aEconomic growth in the 1960's
_b Prerequisites, pot
260 _aNew York
_bNational Industrial Conference Board U. S. A.
_c1960
300 _a33p.
_ccm.
500 _aIts annual meeting. 44.
650 _aEconomic Development
_917300
942 _hX:77.73.N7, K0
_cGB
_2CC
999 _c630321
_d630321